Prediction and prevention of hygroscopic salt activity in historic buildings (Record no. 75022)
[ view plain ]
| 000 -LEADER | |
|---|---|
| fixed length control field | 01146cab a2200193 4500 |
| 001 - CONTROL NUMBER | |
| control field | L129253 |
| 008 - FIXED-LENGTH DATA ELEMENTS--GENERAL INFORMATION | |
| fixed length control field | 050404n2005 000 0 eng u |
| 035 ## - SYSTEM CONTROL NUMBER | |
| System control number | (Sirsi) u129253 |
| 041 ## - LANGUAGE CODE | |
| Language code of text/sound track or separate title | eng |
| 100 ## - MAIN ENTRY--PERSONAL NAME | |
| Personal name | D'Armada, Paul |
| 245 ## - TITLE STATEMENT | |
| Title | Prediction and prevention of hygroscopic salt activity in historic buildings |
| 260 ## - PUBLICATION, DISTRIBUTION, ETC. | |
| Date of publication, distribution, etc. | 2005 |
| 490 ## - SERIES STATEMENT | |
| Series statement | Journal of Architectural Conservation |
| Volume/sequential designation | 11 (1) March 2005, 28-41(14) |
| 520 ## - SUMMARY, ETC. | |
| Summary, etc. | Deleterious salt activity can cause considerable deterioration in the fabric of historic buildings especially towards internal decorative elements. The paper demonstrates the order of investigations that are required to identify any salts that may be present and the dynamics of the processes and the measures which should be taken to reduce their impact on historic fabric. One of the considerations is the choice of the optimum relative humidity levels for a room which ensure the stability of both the soluble salts and the fabric of each room. |
| 590 ## - LOCAL NOTE (RLIN) | |
| Local note | IKA150405 |
| 650 ## - SUBJECT ADDED ENTRY--TOPICAL TERM | |
| Topical term or geographic name entry element | HYGROSCOPIC SALTS |
| 690 ## - LOCAL SUBJECT ADDED ENTRY--TOPICAL TERM (OCLC, RLIN) | |
| Topical term or geographic name as entry element | BUILT ENVIRONMENT-BUILDING MAINTENANCE AND REFURBISHMENT-BUILDING CONSERVATION |
| 942 ## - ADDED ENTRY ELEMENTS (KOHA) | |
| Suppress in OPAC | 0 |
| Withdrawn status | Lost status | Source of classification or shelving scheme | Damaged status | Not for loan | Home library | Current library | Shelving location | Date acquired | Total Checkouts | Full call number | Barcode | Date last seen | Copy number | Price effective from | Koha item type |
|---|---|---|---|---|---|---|---|---|---|---|---|---|---|---|---|
| Dewey Decimal Classification | London | London | Journal article | 04/04/2005 | L129253 | 129253-1001 | 06/08/2019 | 1 | 06/08/2019 | Journal article |